[Event "Corus Internet Qualifier"]
[Site "ICC INT"]
[Date "2008.11.01"]
[Round "1.1"]
[White "Mekhitarian,K"]
[Black "Perez Rodriguez,L"]
[Result "1-0"]
[WhiteElo "2511"]
[BlackElo "2521"]
[EventDate "2008.11.01"]

1. e4 e5 2. Nf3 Nc6 3. Bb5 a6 4. Ba4 Nf6 5. O-O b5 6. Bb3 Be7 7. Re1 O-O 8.
h3 Bb7 9. d3 d5 10. exd5 Nxd5 11. Nxe5 Nd4 12. Bd2 c5 13. Nc3 Nb4 14. Ne4
Nxb3 15. axb3 f5 16. Ng3 Qd5 17. Nf3 Bd6 18. c4 Qc6 19. Bxb4 cxb4 20. Qd2
Rad8 21. Rad1 Qc7 22. Qe2 Bxg3 23. fxg3 Qxg3 24. Ne5 Rfe8 25. Qf2 Qg5 26.
d4 Be4 27. Rxe4 fxe4 28. Qf7+ Kh8 29. Qxe8+ 1-0

[Event "Corus Internet Qualifier"]
[Site "ICC INT"]
[Date "2008.11.01"]
[Round "1.1"]
[White "Morrison,G SCO"]
[Black "Fier,A"]
[Result "1/2-1/2"]
[WhiteElo "2328"]
[BlackElo "2581"]
[EventDate "2008.11.01"]

1. d4 Nf6 2. c4 e6 3. Nc3 Bb4 4. e3 O-O 5. Nge2 d5 6. a3 Be7 7. cxd5 exd5
8. Bd2 Re8 9. b4 a5 10. b5 c5 11. f3 b6 12. Kf2 Bf8 13. Ng3 g6 14. Bd3 Bg7
15. Nge2 Ra7 16. h4 h5 17. Nf4 Nbd7 18. Nce2 Nf8 19. Rc1 Qd6 20. a4 Rae7
21. Bb1 c4 22. Rc3 Bh6 23. Bc1 Qd8 24. Ba3 Ra7 25. Qd2 Ne6 26. g3 Ng7 27.
Rcc1 Bf5 28. Nc3 Bxb1 29. Rxb1 Nf5 30. Rbe1 Rd7 31. Qd1 Qc7 32. Qd2 Qd8 33.
Qd1 Qc7 34. Qd2 1/2-1/2

[Event "Corus Internet Qualifier"]
[Site "ICC INT"]
[Date "2008.11.01"]
[Round "1.1"]
[White "Ciuksyte,D"]
[Black "Safarli,E"]
[Result "0-1"]
[WhiteElo "2339"]
[BlackElo "2568"]
[EventDate "2008.11.01"]

1. e4 e5 2. Nf3 Nc6 3. Bb5 a6 4. Ba4 d6 5. Bxc6+ bxc6 6. d4 exd4 7. Qxd4
Nf6 8. e5 c5 9. Qe3 dxe5 10. Nxe5 Be6 11. Nc3 Bd6 12. Nc4 Be7 13. Ne5 Qd6
14. O-O O-O 15. Rd1 Qb6 16. b3 Bd6 17. Na4 Qb4 18. c4 Rfe8 19. Bd2 Qb8 20.
Bc3 Bf5 21. Qg5 Qc8 22. Ng4 Bxg4 23. Bxf6 Bf8 24. f3 Bf5 25. Re1 Bg6 26.
Bc3 h6 27. Qg3 Qd7 28. Be5 Rac8 29. Rad1 Qf5 30. Bxc7 Rxe1+ 31. Rxe1 Qd7
32. Be5 Re8 33. Bc3 Rxe1+ 34. Qxe1 Qd3 35. Qd2 Qb1+ 36. Kf2 Bd3 37. Nb6
Qf1+ 38. Ke3 Bb1 39. h3 Qg1+ 40. Qf2 Qxf2+ 41. Kxf2 Bxa2 42. Nd7 Bd6 43.
Ba5 Bxb3 44. Bb6 Bxc4 45. Nxc5 f5 46. Nb7 Bb4 47. Na5 Bd5 48. Ke3 Kf7 49.
Kd4 Ke6 50. Bc7 g5 51. Bd8 h5 52. Bc7 Be1 53. Bd8 g4 54. hxg4 fxg4 55. Ke3
gxf3 56. gxf3 h4 57. Ke2 h3 58. Bc7 Bxa5 59. Bh2 Bc3 0-1

[Event "Corus Internet Qualifier"]
[Site "ICC INT"]
[Date "2008.11.01"]
[Round "1.2"]
[White "Safarli,E"]
[Black "Ciuksyte,D"]
[Result "1-0"]
[WhiteElo "2568"]
[BlackElo "2339"]
[EventDate "2008.11.01"]

1. e4 c5 2. Nf3 e6 3. Nc3 a6 4. g3 b5 5. Bg2 Bb7 6. d3 d6 7. O-O Be7 8. e5
dxe5 9. Nxe5 Qc7 10. Bf4 Bxg2 11. Kxg2 Qb7+ 12. Qf3 Qxf3+ 13. Nxf3 Nc6 14.
a4 b4 15. Ne4 O-O-O 16. Be3 Nd4 17. Ne5 f5 18. Bxd4 cxd4 19. Nd2 Nh6 20.
Nc6 Rd7 21. Rfe1 Rc7 22. Rxe6 Bf6 23. Nc4 Kd7 24. Rd6+ 1-0

[Event "Corus Internet Qualifier"]
[Site "ICC INT"]
[Date "2008.11.01"]
[Round "1.2"]
[White "Perez Rodriguez,L"]
[Black "Mekhitarian,K"]
[Result "0-1"]
[WhiteElo "2521"]
[BlackElo "2511"]
[EventDate "2008.11.01"]

1. e4 c5 2. Nf3 e6 3. d4 cxd4 4. Nxd4 a6 5. Bd3 Bc5 6. c3 d6 7. O-O Nf6 8.
Nd2 O-O 9. Qe2 e5 10. Nc2 Bg4 11. Qe1 Re8 12. Nc4 d5 13. exd5 e4 14. Be2
Bxe2 15. Qxe2 Qxd5 16. Rd1 Qe6 17. Be3 Nbd7 18. b4 Bf8 19. Nd4 Qg4 20. Qxg4
Nxg4 21. Nf5 Nxe3 22. Nfxe3 Ne5 23. Nxe5 Rxe5 24. Rd7 Re7 25. Rad1 Rc8 26.
Rxe7 Bxe7 27. Rd7 Bg5 28. Rxb7 Bxe3 29. fxe3 f5 30. Rb6 Rxc3 31. Rxa6 Rxe3
32. b5 Re1+ 33. Kf2 Rb1 34. b6 f4 35. a4 g5 36. a5 g4 37. Ra7 e3+ 38. Ke2
Rb2+ 39. Kd3 e2 40. Re7 f3 41. gxf3 gxf3 42. b7 Rxb7 0-1

[Event "Corus Internet Qualifier"]
[Site "ICC INT"]
[Date "2008.11.01"]
[Round "1.4"]
[White "Salgado Lopez,I"]
[Black "Giri,A"]
[Result "1/2-1/2"]
[WhiteElo "2556"]
[BlackElo "2466"]
[EventDate "2008.11.01"]

1. d4 d5 2. c4 c6 3. cxd5 cxd5 4. Nc3 Nc6 5. Nf3 Nf6 6. Bf4 a6 7. Rc1 g6 8.
h3 Bg7 9. e3 O-O 10. Bd3 Bf5 11. O-O Bxd3 12. Qxd3 e6 13. Bh2 Qe7 14. Ne5
Rfc8 15. Na4 Nxe5 16. Bxe5 Nd7 17. Bxg7 Kxg7 18. Qd2 Kg8 19. Rxc8+ Rxc8 20.
Rc1 Qd8 21. Rxc8 Qxc8 22. Qc3 Qd8 23. Nc5 Nxc5 24. Qxc5 Kg7 25. b3 h5 26.
a4 Qd7 27. h4 Qd8 28. g3 Qd7 29. Kg2 Qd8 30. Kg1 Kh6 31. Kg2 g5 32. hxg5+
Kxg5 33. Kh3 Kg6 34. Qc2+ f5 35. Qc5 h4 36. gxh4 Kh5 37. Kg2 Kg4 38. Kf1
Qxh4 39. Ke2 Kh3 40. Qc1 Qg4+ 41. Kd3 Kg2 42. f4 Qf3 43. Qd2+ Kf1 44. Qc1+
Kf2 45. Qd2+ Kf1 46. Qc1+ Kg2 47. Qd2+ Kh3 48. a5 Qf1+ 49. Kc3 Qa1+ 50. Kb4
Qf1 51. Kc5 Qb5+ 52. Kd6 Qc6+ 53. Ke7 Kg3 54. Qe2 Qc7+ 55. Kxe6 Qxa5 56.
Kxf5 Qb6 57. Qd3 Kh4 58. Ke5 Qc7+ 59. Kxd5 Qc6+ 60. Ke5 Qe8+ 61. Kd5 Qd7+
62. Ke4 Qh7+ 63. f5 Kg5 64. Qf1 Qe7+ 65. Kd3 Qb4 66. Qf4+ Kf6 67. Qe5+ Kf7
68. Qd5+ Kf6 69. e4 a5 70. Qe6+ Kg5 71. Qg6+ Kf4 72. Qh6+ Kf3 73. Qh3+ Kf2
74. Qh2+ Kf3 75. Qh3+ Kf4 76. Qh4+ Kf3 77. Qh3+ Kf2 78. Qh2+ Kf1 79. Qh1+
Kf2 80. Qh2+ Kf3 81. Qh3+ 1/2-1/2

[Event "Corus Internet Qualifier"]
[Site "ICC INT"]
[Date "2008.11.01"]
[Round "1.4"]
[White "Sjugirov,S"]
[Black "Robson,R"]
[Result "1-0"]
[WhiteElo "2549"]
[BlackElo "2466"]
[EventDate "2008.11.01"]

1. e4 c5 2. Nf3 d6 3. d4 cxd4 4. Nxd4 Nf6 5. Nc3 g6 6. Be3 Bg7 7. f3 O-O 8.
Qd2 Nc6 9. O-O-O d5 10. exd5 Nxd5 11. Nxc6 bxc6 12. Bd4 Nxc3 13. Qxc3 Bh6+
14. Be3 Bxe3+ 15. Qxe3 Qb6 16. Qxe7 Be6 17. Qa3 Rad8 18. Bd3 Rd5 19. Rhe1
Ra5 20. Qc3 Rxa2 21. b3 Ra5 22. Rxe6 fxe6 23. Bc4 Rd5 24. Bxd5 cxd5 25. Re1
Qd6 26. Qe3 Re8 27. h4 Re7 28. h5 gxh5 29. Qg5+ Rg7 30. Qxh5 Rxg2 31. Rh1
Qf4+ 32. Kb1 Qf5 33. Qe8+ Kg7 34. Qe7+ Kg8 35. Qd8+ Kg7 36. Qd7+ Kg8 37.
Qc8+ Kg7 38. Qc7+ Kg8 39. Qb8+ Kg7 40. Qxa7+ Kg8 41. Qb8+ Kg7 42. Qc7+ Kg8
43. Re1 h5 44. Qc8+ Kf7 45. Qd7+ Kf6 46. Qd8+ Kf7 47. Qc7+ Kf6 48. f4 h4
49. Re5 Qg6 50. Qd8+ Kf7 51. Qd7+ Kf8 52. f5 Rg1+ 53. Ka2 Qf6 54. fxe6 Ra1+
55. Kxa1 Qxe5+ 56. Ka2 Qf6 57. Qxd5 h3 58. Qd6+ Kg7 59. Qg3+ Kf8 60. Qxh3
Ke7 61. Qe3 Qf5 62. Qe2 Qa5+ 63. Kb1 Qc5 64. Qc4 Qg1+ 65. Kb2 Qg7+ 66. Ka2
Qg2 67. b4 Qf2 68. Kb2 Qf6+ 69. Kb3 Qf3+ 70. Qd3 Qf4 71. Qd7+ Kf8 72. e7+
1-0

[Event "Corus Internet Qualifier"]
[Site "ICC INT"]
[Date "2008.11.02"]
[Round "2.1"]
[White "Iturrizaga,E"]
[Black "Safarli,E"]
[Result "1-0"]
[WhiteElo "2538"]
[BlackElo "2568"]
[EventDate "2008.11.01"]

1. d4 Nf6 2. c4 g6 3. Nc3 d5 4. cxd5 Nxd5 5. Bd2 Bg7 6. e4 Nxc3 7. Bxc3 O-O
8. Rc1 e5 9. dxe5 Qe7 10. f4 g5 11. Qh5 gxf4 12. Nf3 Be6 13. a3 Nc6 14. g3
Qd7 15. gxf4 Bg4 16. Qg5 Bxf3 17. Rg1 f6 18. exf6 Bxe4 19. Bc4+ 1-0

[Event "Corus Internet Qualifier"]
[Site "ICC INT"]
[Date "2008.11.02"]
[Round "2.1"]
[White "Salgado Lopez,I"]
[Black "Bluvshtein,M"]
[Result "1-0"]
[WhiteElo "2556"]
[BlackElo "2557"]
[EventDate "2008.11.01"]

1. d4 Nf6 2. Nf3 e6 3. Bg5 c5 4. e3 b6 5. Nbd2 Bb7 6. Bd3 Be7 7. c3 O-O 8.
O-O d6 9. Qe2 Nbd7 10. e4 Nh5 11. Bxe7 Qxe7 12. Qe3 e5 13. Rfd1 Nf4 14. Bf1
Nf6 15. dxe5 dxe5 16. g3 Ng6 17. a4 Bc6 18. Bb5 Qb7 19. Re1 Rad8 20. Bxc6
Qxc6 21. c4 a5 22. Nb1 Ng4 23. Qe2 f5 24. Nc3 fxe4 25. Nxe4 Qd7 26. Ra3 Qf5
27. Kg2 Ne7 28. h3 Nh6 29. Rb3 Nc8 30. Rd3 Rxd3 31. Qxd3 Nf7 32. Rd1 h6 33.
Nc3 Qxd3 34. Rxd3 Ncd6 35. Nd2 Rd8 36. b3 Kf8 37. Nd5 Nc8 38. Ne4 Ne7 39.
Nec3 Nxd5 40. Nxd5 Rd6 41. Re3 g5 42. Re4 Kg7 43. h4 Kg6 44. hxg5 Kxg5 45.
Kf3 Kf5 46. Rh4 Kg5 47. Ke2 Nd8 48. Re4 Kf5 49. Ke3 Ne6 50. g4+ Kg6 51.
Rxe5 Nd4 52. f4 Nxb3 53. f5+ Kg5 54. f6+ Kg6 55. Re7 Rxf6 56. Nxf6 Kxf6 57.
Rb7 Kg5 58. Rxb6 Nd4 59. Ke4 Ne2 60. Kd3 Nf4+ 61. Ke3 Ng6 62. Ke4 Nf8 63.
Rd6 Nh7 64. Ke5 Nf8 65. Kd5 1-0

[Event "Corus Internet Qualifier"]
[Site "ICC INT"]
[Date "2008.11.02"]
[Round "2.2"]
[White "Safarli,E"]
[Black "Iturrizaga,E"]
[Result "1-0"]
[WhiteElo "2568"]
[BlackElo "2538"]
[EventDate "2008.11.01"]

1. e4 c5 2. Nf3 Nc6 3. Bb5 Na5 4. c3 a6 5. Ba4 b5 6. Bc2 Bb7 7. O-O Rc8 8.
d4 cxd4 9. cxd4 Nf6 10. d5 g6 11. Nc3 d6 12. a4 b4 13. Ne2 Bg7 14. Ned4 O-O
15. b3 Qb6 16. h3 e6 17. Be3 Qc7 18. dxe6 fxe6 19. Rc1 Qd7 20. Ng5 Rfe8 21.
Qd2 e5 22. Ne2 h6 23. Nf3 Nxe4 24. Qxb4 Nc6 25. Qxe4 Nd4 26. Qxg6 Nxe2+ 27.
Kh2 e4 28. Bxh6 Qf7 29. Qg4 Nxc1 30. Rxc1 Re6 31. Ng5 Be5+ 32. Kg1 Rg6 33.
Qxc8+ Bxc8 34. Nxf7 Bxh3 35. Nxe5 Rxg2+ 36. Kh1 dxe5 37. Rg1 Rxg1+ 38. Kxg1
Bf5 39. Be3 Kf7 40. b4 Ke6 41. b5 axb5 42. axb5 Kd5 43. b6 1-0

[Event "Corus Internet Qualifier"]
[Site "ICC INT"]
[Date "2008.11.02"]
[Round "2.2"]
[White "Fier,A"]
[Black "Mekhitarian,K"]
[Result "1/2-1/2"]
[WhiteElo "2581"]
[BlackElo "2511"]
[EventDate "2008.11.01"]

1. e4 c5 2. Nf3 d6 3. d4 cxd4 4. Nxd4 Nf6 5. Nc3 Bd7 6. Be2 Bc6 7. Nxc6
Nxc6 8. O-O e6 9. Be3 Be7 10. f4 O-O 11. Kh1 Rc8 12. Bg1 Re8 13. Bd3 a6 14.
Qf3 g6 15. Qh3 Bf8 16. f5 Bg7 17. fxe6 fxe6 18. Bc4 Qe7 19. Bb3 Ne5 20.
Rad1 Kh8 21. Bd4 Nc6 22. Bg1 Nh5 23. Na4 b5 24. Nb6 Rb8 25. c3 Na5 26. Bc2
Nc6 27. a4 Qc7 28. Qe3 Ne5 29. a5 Nc4 30. Nxc4 bxc4 31. Qc1 Be5 32. Bb6 Qe7
33. Bd4 Bxd4 34. cxd4 e5 35. Ba4 Rec8 36. Qc3 Ng7 37. h3 Qg5 38. dxe5 Qxe5
39. Rd5 Qxc3 40. bxc3 Nh5 41. Kh2 Rd8 42. Rfd1 Nf6 43. Rxd6 Rxd6 44. Rxd6
Nxe4 45. Rxa6 Nxc3 46. Rb6 Ra8 47. Bb5 Nxb5 48. Rxb5 Rc8 49. Rb2 Kg7 50. a6
c3 51. Rc2 Kf6 52. a7 Ke5 53. Rxc3 1/2-1/2

[Event "Corus Internet Qualifier"]
[Site "ICC INT"]
[Date "2008.11.08"]
[Round "3.1"]
[White "Salgado Lopez,I"]
[Black "Fier,A"]
[Result "1/2-1/2"]
[WhiteElo "2556"]
[BlackElo "2581"]
[EventDate "2008.11.01"]

1. d4 Nf6 2. Nf3 e6 3. Bg5 c5 4. e3 cxd4 5. exd4 Be7 6. Bd3 b6 7. O-O Bb7
8. Nbd2 d6 9. Qe2 Nbd7 10. c3 O-O 11. Rfe1 Re8 12. a4 a6 13. Bxf6 Nxf6 14.
Ne4 Nxe4 15. Bxe4 Bxe4 16. Qxe4 Rb8 17. Qd3 Qc8 18. Nd2 d5 19. b4 Bd6 20.
a5 b5 21. Nb3 Qc7 22. g3 Rbc8 23. Nc5 Bxc5 24. dxc5 Rcd8 25. f4 f6 26. Rad1
e5 27. fxe5 fxe5 28. Qf5 h6 29. Rd3 Re7 30. Rde3 Rde8 31. R3e2 Kh8 32. Qh5
Kh7 33. Qf5+ Kh8 34. Qg6 Re6 35. Qd3 Qc6 36. Rd1 Rd8 37. Qf5 Rde8 38. Qf7
Rd8 39. Rf1 Ree8 40. Rfe1 e4 41. Qf2 Rf8 42. Qd4 Qe6 43. Rf2 Rde8 44. Ref1
Rxf2 45. Rxf2 e3 46. Re2 Qf5 47. Rxe3 Qb1+ 48. Kg2 Qc2+ 49. Kh3 Qf5+ 50.
Kg2 Qc2+ 51. Kh3 Qf5+ 52. Kg2 1/2-1/2

[Event "Corus Internet Qualifier"]
[Site "ICC INT"]
[Date "2008.11.08"]
[Round "3.2"]
[White "Meier,Geo"]
[Black "Iturrizaga,E"]
[Result "1/2-1/2"]
[WhiteElo "2558"]
[BlackElo "2538"]
[EventDate "2008.11.01"]

1. e4 c5 2. Nf3 Nc6 3. Bb5 e6 4. O-O Nge7 5. Re1 a6 6. Bxc6 Nxc6 7. d4 cxd4
8. Nxd4 Qc7 9. Nxc6 dxc6 10. e5 b5 11. Bf4 Bb7 12. a4 c5 13. Nc3 Rd8 14.
Qg4 h5 15. Qg5 Rh6 16. Ne4 Rg6 17. Qxh5 Rd4 18. f3 Bxe4 19. Rxe4 Qd7 20. c3
Rd1+ 21. Re1 Rxa1 22. Rxa1 b4 23. Qh4 c4 24. Qf2 Qd5 25. Qe2 bxc3 26. bxc3
Be7 27. Rd1 Qc6 28. Rb1 f6 29. a5 Kf7 30. Kf1 Qd5 31. h4 fxe5 32. h5 Rf6
33. Bxe5 Rf5 34. f4 Bf6 35. Rd1 Qxe5 1/2-1/2

[Event "Corus Internet Qualifier"]
[Site "ICC INT"]
[Date "2008.11.08"]
[Round "3.3"]
[White "Salgado Lopez,I"]
[Black "Fier,A"]
[Result "0-1"]
[WhiteElo "2556"]
[BlackElo "2581"]
[EventDate "2008.11.01"]

1. d4 e6 2. Nf3 c5 3. c3 cxd4 4. cxd4 Nf6 5. Nc3 d5 6. Bf4 a6 7. e3 Nc6 8.
Bd3 Bd6 9. Bxd6 Qxd6 10. O-O O-O 11. h3 Bd7 12. Rc1 Rac8 13. a3 Na5 14. Ne5
b5 15. Qe2 Nc4 16. f4 Ne8 17. Nb1 Nf6 18. Rc2 Rc7 19. Rfc1 Rfc8 20. Kh2 Be8
21. b3 Nb6 22. Rxc7 Rxc7 23. Rxc7 Qxc7 24. Qc2 Qxc2 25. Bxc2 Nfd7 26. Nd3
a5 27. Nd2 Nb8 28. Nc5 Nc6 29. Bd3 b4 30. a4 Nc8 31. Nb7 Kf8 32. Bb5 N8a7
33. Bd3 h6 34. h4 Ke7 35. Nc5 Kd6 36. Be2 Nc8 37. g4 N8e7 38. Kg3 f6 39.
Bb5 Bg6 40. Kf2 Bc2 41. e4 Nxd4 42. Nb7+ Kc7 43. Nc5 dxe4 44. Bc4 e5 45.
fxe5 fxe5 46. Ndxe4 Ng6 47. h5 Nf4 48. Ng3 Bd1 49. Nf5 Nxf5 50. gxf5 Bxh5
51. Ke3 Kc6 52. Ne4 Bg4 53. Ng3 h5 54. Ke4 h4 55. Nh1 Kd6 56. Nf2 Be2 57.
Bxe2 Nxe2 58. Ke3 Ng3 0-1

[Event "Corus Internet Qualifier"]
[Site "ICC INT"]
[Date "2008.11.09"]
[Round "4.1"]
[White "Iturrizaga,E"]
[Black "Fier,A"]
[Result "1/2-1/2"]
[WhiteElo "2538"]
[BlackElo "2581"]
[EventDate "2008.11.01"]

1. Nf3 Nf6 2. c4 e6 3. Nc3 Bb4 4. g4 h6 5. Rg1 d5 6. a3 Bxc3 7. dxc3 Ne4 8.
Be3 Nc6 9. Qc2 Nd6 10. cxd5 exd5 11. O-O-O Be6 12. Nd4 Qd7 13. Nxe6 fxe6
14. Bg2 O-O-O 15. Bf4 Rhf8 16. Bg3 Qe7 17. Kb1 Kb8 18. e4 Nxe4 19. Bxe4
dxe4 20. Qxe4 a6 21. Kc2 Qf7 22. f4 Rfe8 23. Rge1 Rxd1 24. Rxd1 h5 25. h3
hxg4 26. hxg4 g6 27. Rd2 Kc8 28. Bh4 e5 29. fxe5 Qe6 30. Bg3 Rf8 31. b3 Rf1
32. Qe2 Rf7 33. Qe4 Rd7 34. Rf2 Rf7 35. Rxf7 Qxf7 36. e6 Qf6 37. Qf4 Qxf4
38. Bxf4 Kd8 39. Bg5+ Ke8 40. Bf4 Ke7 41. Bxc7 Kxe6 42. Kd3 Ne7 43. Ke4 Ng8
44. c4 Nf6+ 45. Kf4 b5 46. Kg5 bxc4 47. bxc4 Kf7 48. Be5 Ne4+ 49. Kf4 Nd2
50. c5 Ke6 51. c6 g5+ 52. Ke3 Nc4+ 53. Ke4 Nxa3 54. c7 Kd7 55. Kf5 Nc4 56.
Bg3 Ne3+ 57. Kxg5 a5 58. Kf4 Nxg4 59. Kxg4 a4 1/2-1/2

[Event "Corus Internet Qualifier"]
[Site "ICC INT"]
[Date "2008.11.09"]
[Round "4.2"]
[White "Fier,A"]
[Black "Iturrizaga,E"]
[Result "1/2-1/2"]
[WhiteElo "2581"]
[BlackElo "2538"]
[EventDate "2008.11.01"]

1. e4 c5 2. Nf3 Nc6 3. d4 cxd4 4. Nxd4 g6 5. Nc3 Bg7 6. Be3 Nf6 7. Bc4 O-O
8. Bb3 a5 9. O-O d6 10. h3 Nxd4 11. Bxd4 Bd7 12. a3 Bc6 13. Re1 a4 14. Ba2
Nd7 15. Bxg7 Kxg7 16. Qd4+ Kg8 17. Rad1 Qb6 18. Nd5 Bxd5 19. Bxd5 Qxd4 20.
Rxd4 Nc5 21. Rb4 Rfc8 22. Bc4 e6 23. Bb5 Kf8 24. c3 Ke7 25. Rd1 Ra5 26. f3
h5 27. h4 f5 28. exf5 gxf5 29. Be2 Raa8 30. f4 Rab8 31. Bf3 Rc7 32. g3 Rh8
33. Kf2 Rd7 34. Rb5 Kd8 35. Rb4 Kc7 36. Rbd4 Rg8 1/2-1/2

[Event "Corus Internet Qualifier"]
[Site "ICC INT"]
[Date "2008.11.09"]
[Round "4.4"]
[White "Fier,A"]
[Black "Iturrizaga,E"]
[Result "0-1"]
[WhiteElo "2581"]
[BlackElo "2538"]
[EventDate "2008.11.01"]

1. e4 c5 2. g3 Nc6 3. Bg2 g6 4. f4 Bg7 5. Nf3 d6 6. O-O Nf6 7. d3 O-O 8. c3
Rb8 9. Be3 b5 10. h3 b4 11. Nbd2 Nd7 12. Qc2 a5 13. c4 Nd4 14. Nxd4 cxd4
15. Bf2 Nc5 16. Nb3 e5 17. Nxc5 dxc5 18. Rae1 Qd6 19. Qc1 Bd7 20. Kh1 Rbe8
21. Bg1 f5 22. Bh2 fxe4 23. Rxe4 exf4 24. Rexf4 Rxf4 25. gxf4 Bf5 26. Qd1
Re3 27. Re1 Qe7 28. Rxe3 dxe3 29. Qe2 Bd4 30. Bg1 Kg7 31. b3 h5 32. Kh2
Bxd3 33. Qxd3 e2 34. Bxd4+ cxd4 35. Qxd4+ Kh7 36. f5 e1=Q 37. fxg6+ Kxg6
38. Qd3+ Kh6 39. h4 Q7xh4+ 0-1